Statistics for Hollywood Celebrities

Click here to take the quiz!

General Stats

  • This quiz has been taken 160 times
  • The average score is 10 of 15

Answer Stats

Answer% Correct
Taylor Swift
97%
Nicki Minaj
89%
Ryan Reynolds
82%
Selena Gomez
80%
Serena Williams
74%
Pitbull
73%
Mark Zuckerburg
68%
Mila Kunis
68%
Justin Timberlake
61%
Nicolas Cage
60%
Lionel Messi
58%
Jeremy Renner
46%
Melissa McCarthy
41%
Tom Hardy
36%
Bryan Cranston
27%

Score Distribution

Percentile by Number Answered

Percent of People with Each Score

Your Score History

You have not taken this quiz